Missing Word: TV Show 7-Letter Beginning (A-Y) Quiz Stats

 Plays Quiz Updated Sep 2, 2017

Score 0/25 Timer 03:00
0 Plays Today
Hint Answer % Correct
(M) _______: ImpossibleMission
96.4%
(N) _______ But the TruthNothing
94.7%
(S) _______, the Teenage WitchSabrina
94.1%
(W) _______ a TraceWithout
92.3%
(D) _______ AbbeyDownton
90.7%
(T) _______ by an Angel Touched
90.4%
(Q) _______ LeapQuantum
89.5%
(A) _______ GraceAmazing
87.3%
(L) _______ & ShirleyLaverne
86.3%
(V) (The) _______ DiariesVampire
85.7%
(C) _______ in ChargeCharles
81.6%
(P) _______ DaisiesPushing
80.7%
(E) _______ MakeoverExtreme
78.2%
Hint Answer % Correct
(R) _______ HopeRaising
72.8%
(J) _______ LeagueJustice
72.7%
(U) _______ SuspectsUnusual
70.8%
(F) _______ IslandFantasy
65.9%
(B) _______ 5Babylon
60.7%
(H) _______ PoirotHercule
60%
(Y) _______ YakYakkity
42.9%
(K) _______ NightmaresKitchen
35%
(I) _______ ZimInvader
29.5%
(G) _______ FallsGravity
27.5%
(O) (The) _______ FactorO'Reilly
17.2%
(X) _______ ShowdownXiaolin
4.3%

Today's Daily Dose

You're not logged in!

Compare scores with friends on all Sporcle quizzes.
OR
Log In

You Might Also Like...

Show Comments

Extras

Top Quizzes Today


Score Distribution

Your Account Isn't Verified!

In order to create a playlist on Sporcle, you need to verify the email address you used during registration. Go to your Sporcle Settings to finish the process.

Report this User

Report this user for behavior that violates our Community Guidelines.

Details: